000 00580nam a2200193 a 4500
005 20240925065636.0
008 030623s1976 mx r 000 0 spa d
035 _aUPN01000126598
049 _aCG
050 4 _aAC75
_bS4 no.278
245 0 0 _aTendencias actuales de la historia social y demográfica /
_crecop. Ciro F. S. Cardoso.
260 _aMéxico :
_bSEP,
_c1976.
300 _a190 p.
440 0 _aSepSetentas ;
_v278
650 2 _aDemografía
_912536
650 4 _aSociología
_95756
700 1 _aCardoso, Ciro Flamarion Santana,
_d1942-
_ecomp.
_928660
905 _aLibro
999 _c98777
_d98777